000 00450cam a2200145 4500500
005 20251228074244.0
041 _afre
042 _adc
100 1 0 _aLabouret, Mireille
_eauthor
245 0 0 _aBalzac gros corps malade
260 _c2016.
500 _a100
786 0 _nL'Année balzacienne | 17 | 1 | 2016-11-04 | p. 7-32 | 0084-6473
856 4 1 _uhttps://shs.cairn.info/revue-l-annee-balzacienne-2016-1-page-7?lang=fr&redirect-ssocas=7080
999 _c1597312
_d1597312